000
00272nam a22000977a 4500
999
_c
11205
_d
11205
008
181009b ||||| |||| 00| 0 eng d
020
_a
9788130400174
100
_a
TINY, TOT
_9
6959
245
_a
BEST OF TENALI RAMAN THE JESTER
260
_a
NEW DELHI
_b
TINY TOT PUBLICATION
_c
2015